000 00598 a2200205 4500
001 61080
005 20260407155901.0
008 260407a1969 arg spa d
003 AR-UNSa-BCEJYS
040 _aAR-UNSa-BCEJYS
_bspa
_cAR-UNSa-BCEJYS
080 _a342.924
_xActos legales. Actos administrativos. (Procesal administrativo)
245 1 0 _aEl acto administrativo
250 _a2a. ed.
264 1 _aBuenos Aires :
_bAbeledo Perrot
_c1969
300 _a471 p.
_c23 cm.
041 _aspa
942 _cBK
590 _aniveau_biblio:m niveau_hierar:0
100 1 _aGordillo, Agustín Alberto
999 _c7206
_d7206